Real Estate Journal (Record no. 118834)

MARC details
000 -LEADER
fixed length control field 00511cas a22001815a 4500
001 - CONTROL NUMBER
control field L130995
008 - FIXED-LENGTH DATA ELEMENTS--GENERAL INFORMATION
fixed length control field 050920c1950 xxkmr p 0 a0eng u
035 ## - SYSTEM CONTROL NUMBER
System control number (Sirsi) u130995
041 0# - LANGUAGE CODE
Language code of text/sound track or separate title eng
110 2# - MAIN ENTRY--CORPORATE NAME
Corporate name or jurisdiction name as entry element Association of Land And Property Owners
9 (RLIN) 1333
245 00 - TITLE STATEMENT
Title Real Estate Journal
260 ## - PUBLICATION, DISTRIBUTION, ETC.
Place of publication, distribution, etc. London
Name of publisher, distributor, etc. Association of Land and Property Owners
Date of publication, distribution, etc. 1950-
362 ## - DATES OF PUBLICATION AND/OR SEQUENTIAL DESIGNATION
Dates of publication and/or sequential designation 9(2) February 1958-20(12) December 1969
554 ## -
-- 12 per year
651 #4 - SUBJECT ADDED ENTRY--GEOGRAPHIC NAME
Geographic name United Kingdom
Chronological subdivision
690 ## - LOCAL SUBJECT ADDED ENTRY--TOPICAL TERM (OCLC, RLIN)
Topical term or geographic name as entry element PROPERTY
942 ## - ADDED ENTRY ELEMENTS (KOHA)
Suppress in OPAC 0
Holdings
Withdrawn status Lost status Source of classification or shelving scheme Damaged status Not for loan Home library Current library Shelving location Date acquired Total Checkouts Full call number Barcode Date last seen Price effective from Koha item type
    Dewey Decimal Classification     London London Basement 20/09/2005   REAL ESTATE JOURNAL 130995-1001 06/08/2019 06/08/2019 Journal